The wishsong of Shannara : (Record no. 9554)
[ view plain ]
| 000 -LEADER | |
|---|---|
| fixed length control field | 01114nam a22002657a 4500 |
| 001 - CONTROL NUMBER | |
| control field | 9554 |
| 003 - CONTROL NUMBER IDENTIFIER | |
| control field | FISKH |
| 005 - DATE AND TIME OF LATEST TRANSACTION | |
| control field | 20260128102229.0 |
| 008 - FIXED-LENGTH DATA ELEMENTS--GENERAL INFORMATION | |
| fixed length control field | 260123b cb ||||| |||| 00| 0 eng d |
| 020 ## - INTERNATIONAL STANDARD BOOK NUMBER | |
| International Standard Book Number | 9781841495507 |
| 040 ## - CATALOGING SOURCE | |
| Original cataloging agency | FISKH |
| Language of cataloging | eng |
| Transcribing agency | FISKH |
| Modifying agency | FISKH |
| 050 ## - LIBRARY OF CONGRESS CALL NUMBER | |
| Classification number | PS3552 .R6596 .W5 |
| 082 ## - DEWEY DECIMAL CLASSIFICATION NUMBER | |
| Classification number | 813.54 |
| 100 ## - MAIN ENTRY--PERSONAL NAME | |
| Personal name | Brooks , Terry |
| 245 ## - TITLE STATEMENT | |
| Title | The wishsong of Shannara : |
| Remainder of title | Book Three of the Sahnnara Trilogy / |
| Statement of responsibility, etc. | By Terry Brooks |
| 250 ## - EDITION STATEMENT | |
| Edition statement | First published in the USA in 1985 |
| 260 ## - PUBLICATION, DISTRIBUTION, ETC. | |
| Place of publication, distribution, etc. | New York : |
| Name of publisher, distributor, etc. | Orbit , |
| Date of publication, distribution, etc. | 1985 . |
| 300 ## - PHYSICAL DESCRIPTION | |
| Extent | 566 pages : |
| Other physical details | illustrations ; |
| Dimensions | 20 cm . |
| 490 ## - SERIES STATEMENT | |
| Series statement | The Shannara Trilogy |
| Volume/sequential designation | Book 3 |
| 520 ## - SUMMARY, ETC. | |
| Summary, etc. | Horror stalked the Four Lands as the Ildatch, ancient source of evil, sent its ghastly Mord Wraiths to destroy Mankind. Only Druid Allanon held the magic power of wishsong that could make plants bloom instantly or turn trees from green to autumn gold. But she, too, was in mortal danger, and Ildatch waited for Brin to fall into his trap. |
| 650 ## - SUBJECT ADDED ENTRY--TOPICAL TERM | |
| Topical term or geographic name entry element | Sword of Shannara |
| Form subdivision | Fiction |
| 650 ## - SUBJECT ADDED ENTRY--TOPICAL TERM | |
| Topical term or geographic name entry element | High fantasy |
| Form subdivision | Fiction |
| 942 ## - ADDED ENTRY ELEMENTS (KOHA) | |
| Source of classification or shelving scheme | Dewey Decimal Classification |
| Koha item type | Books |
| Suppress in OPAC | No |
| Withdrawn status | Lost status | Source of classification or shelving scheme | Damaged status | Not for loan | Collection | Home library | Current library | Shelving location | Date acquired | Total Checkouts | Full call number | Barcode | Date last seen | Date last checked out | Price effective from | Koha item type |
|---|---|---|---|---|---|---|---|---|---|---|---|---|---|---|---|---|
| Dewey Decimal Classification | Fiction | Footprints International School Library Network Toul Tom Poung Campus | Footprints International School Library Network Toul Kork Campus | TTP Secondary Fiction Bookshelves | 01/23/2026 | 1 | BRO 813.54 PS3552 .R6596 .W5 | 2026-0071 | 04/28/2026 | 04/21/2026 | 01/23/2026 | Books |
